Перспективы общественного развития в эпоху столкновения цивилизаций. Ч. 3: Инновационные технологии обучения в системе лингво-риторической подготовки в неязыковом вузе (Запись № 1646797)

Подробности
000 -МАРКЕР
контрольное поле 02861nam2a2200349 4500
001 - ИДЕНТИФИКАТОР ЗАПИСИ
контрольное поле RU\NLR\bibl\1192701
005 - ИДЕНТИФИКАТОР ВЕРСИИ
контрольное поле 20260407175319.0
010 ## - МЕЖДУНАРОДНЫЙ СТАНДАРТНЫЙ НОМЕР КНИГИ (ISBN)
Номер (ISBN) 978-5-9758-0435-8
Тираж 500
021 ## - НОМЕР ГОСУДАРСТВЕННОЙ РЕГИСТРАЦИИ
Код страны Российская Федерация
Номер 2007-93147
Номер Листа государственной регистраци 5029
035 ## - ДРУГИЕ СИСТЕМНЫЕ НОМЕРА
Идентификатор записи (NLR Aleph) 001179244
100 ## - ДАННЫЕ ОБЩЕЙ ОБРАБОТКИ
Данные общей обработки 20080222d2007 |||y0rusy50 ca
101 0# - ЯЗЫК РЕСУРСА
Язык текста, звукозаписи и т.д. русский
-- английский
102 ## - СТРАНА ПУБЛИКАЦИИ ИЛИ ПРОИЗВОДСТВА
Страна публикации Российская Федерация
105 ## - ПОЛЕ КОДИРОВАННЫХ ДАННЫХ: ТЕКСТОВЫЕ МАТЕРИАЛЫ, МОНОГРАФИЧЕСКИЕ
Кодированные данные о монографическом текстовом документе y |||||||||
200 1# - ЗАГЛАВИЕ И СВЕДЕНИЯ ОБ ОТВЕТСТВЕННОСТИ
Основное заглавие Инновационные технологии обучения в системе лингво-риторической подготовки в неязыковом вузе
Сведения, относящиеся к заглавию [на основе конференций
Первые сведения об ответственности редкол.: проф. А. С. Борщов (отв. ред.) и др.]
210 ## - ПУБЛИКАЦИЯ, РАСПРОСТРАНЕНИЕ И ДР.
Дата издания, распространения и т.д. 2007
Место издания, распространения и т.д. Б. м.
215 ## - ФИЗИЧЕСКАЯ ХАРАКТЕРИСТИКА
Специфическое обозначение материала и объем 90, [1] с.
300 ## - ОБЩИЕ ПРИМЕЧАНИЯ
Текст примечания В надзаг.:... Ин-т социал. и произв. менеджмента, Лингв. учеб.-науч. центр
300 ## - ОБЩИЕ ПРИМЕЧАНИЯ
Текст примечания Часть текста на англ. яз.
320 ## - ПРИМЕЧАНИЯ О НАЛИЧИИ В ДОКУМЕНТЕ БИБЛИОГРАФИИ / УКАЗАТЕЛЯ
Текст примечания Библиогр. в конце ст. и в подстроч. прим.
461 #0 - УРОВЕНЬ НАБОРА
Встроенное поле 001RU\NLR\bibl\1222563
-- 2001#$aПерспективы общественного развития в эпоху столкновения цивилизаций$vЧ. 3
Системный номер (АБИС) связанной записи 65465
Место публикации Саратов
Дата публикации 2007
Первые сведения об ответственности редкол.: проф. Елютина М. Э. (отв. ред.) и др.]
Имя издателя, распространителя и т.д. Научная книга
Сведения, относящиеся к заглавию сборник научных работ : [на основе Всероссийской научной конференции - школы молодых ученых "Актуальные проблемы социально-гуманитарных наук" (март 2007), материалов Четвертых Аскинских чтений "Время - Пространство - Ценности цивилизаций" (октябрь 2006) : в 3 ч.
Заглавие Перспективы общественного развития в эпоху столкновения цивилизаций
Номер тома Ч. 3
606 1# - НАИМЕНОВАНИЕ ТЕМЫ КАК ПРЕДМЕТ
Наименование темы Языки
Формальный подзаголовок Съезды, совещания и т.п.
Тематический подзаголовок Преподавание
-- Высшая школа
Системный номер авторитетной/нормативной записи 1996387
Идентификатор авторитетной/нормативной записи RU\NLR\auth\661202344
686 ## - ИНДЕКСЫ ДРУГИХ КЛАССИФИКАЦИЙ
Индекс Ч486.11/17я431
711 12 - НАИМЕНОВАНИЕ ОРГАНИЗАЦИИ - АЛЬТЕРНАТИВНАЯ ОТВЕТСТВЕННОСТЬ
Начальный элемент ввода "Инновационные технологии обучения в системе лингво-риторической подготовки в неязыковом вузе", международная научная конференция
Место проведения временной организации Саратов
Дата проведения временной организации 2007
Системный номер авторитетной/нормативной записи 725923
Идентификатор авторитетной/нормативной записи RU\NLR\AUTH\8810113162
712 02 - НАИМЕНОВАНИЕ ОРГАНИЗАЦИИ - ВТОРИЧНАЯ ОТВЕТСТВЕННОСТЬ
Код отношения Прочие
Начальный элемент ввода Саратовский государственный технический университет
Структурное подразделение Институт социального и производственного менеджмента
Системный номер авторитетной/нормативной записи 589519
Идентификатор авторитетной/нормативной записи RU\NLR\AUTH\8810045044
801 #0 - ИСТОЧНИК ЗАПИСИ
Страна Российская Федерация
Организация NLR
Дата составления 20080222
Правила каталогизации RCR
801 #1 - ИСТОЧНИК ЗАПИСИ
Страна Российская Федерация
Организация NLR
Дата составления 20080222
942 ## - ДОПОЛНИТЕЛЬНЫЕ ЭЛЕМЕНТЫ ЗАПИСИ (АБИС)
Тип экземпляра АБИС Книга
980 ## - КОЛЛЕКЦИЯ
Название коллекции Национальная библиография
Экземпляры
Тип экземпляра Дата поступления Источник поступления Библиотека постоянного хранения Библиотека текущего хранения Место хранения Шифр хранения Штрих-код Статус экземпляра
Книга 22.02.2008 Обязательный экземпляр РНБ (Московский) РНБ (Московский) Русский книжный фонд: издания с 1957 года 2008-4/3080 2614427  
Книга 22.02.2008 Обязательный экземпляр РНБ (Московский) РНБ (Московский) Русский книжный фонд: издания с 1957 года 2008-4/3080 2614428